| 000 | 00933nam a22002537a 4500 | ||
|---|---|---|---|
| 005 | 20170123164148.0 | ||
| 010 | _aB-210283 | ||
| 020 |
_c350.00 _a8182990777 |
||
| 035 | _aB-210283 | ||
| 037 | _bCen Lib / Ret | ||
| 040 |
_aDPL _bPN |
||
| 082 |
_aੳ _bਹਰਨਾ |
||
| 100 |
_aਹਰਨਾਮ ਦਾਸ ਸਹਿਰਾਈ _944630 |
||
| 245 |
_aਰਾਜ ਕਰੇਗਾ ਖਾਲਸਾ / _cਹਰਨਾਮ ਦਾਸ ਸਹਿਰਾਈ |
||
| 246 |
_aRaj Karegha Khalsa / _bby Harnam Dass Sahrai |
||
| 260 |
_aਦਿੱਲੀ _bਆਰਸੀ ਪਬਲਿਸ਼ਰਜ਼ _c2006 |
||
| 270 |
_bਦਿੱਲੀ _aਚਾਂਦਨੀ ਚੋਕ _e110006 |
||
| 300 |
_a384p. _c22cm(Hb) |
||
| 650 |
_aਸਾਹਿਤ -- ਪੰਜਾਬੀ _9128876 |
||
| 650 |
_aਪੰਜਾਬੀ ਨਾਵਲ _9128877 |
||
| 650 |
_aLiterature -- Punjabi _9128878 |
||
| 650 |
_aPunjabi Novel _96285 |
||
| 942 |
_2ddc _cPN _hਓ _mਹਰਨਾ |
||
| 999 |
_c110160 _d110160 |
||